000 00562nam a22001817a 4500
005 20251108165226.0
008 250721s1986 xx 000 0 ara d
082 1 4 _a551.4/جود
100 1 _aسعادة، جودت أحمد
245 1 0 _aالأطلس المجسم و الملون لأشكال سطح الأرض /
264 1 _aعمان :
_bمكتبة المحتسب،
_c1986.
300 _a208ص : مص
650 1 7 _aالجغرافيا الطبيعية
650 1 7 _aالأرض
700 1 _aحدادين، عباس
942 _2ddc
_cBK
999 _c22585
_d22585